Sports Quiz

Random Sports Quiz

Most Expensive Teenagers in Football Quiz Stats

 Plays Quiz not verified by Sporcle

Challenge
Share
Tweet
Embed
Score 0/15 Timer 04:00
0 Plays Today
Fee Player % Correct
£26mWayne Rooney
88.4%
£35mAnthony Martial
62%
£30mLuke Shaw
50%
£27.5mRenato Sanches
46.7%
£27mGabriel Jesus
38.1%
£28mLucas Moura
28.6%
£22mMarquinhos
18.3%
£38mVinicius Junior
12.2%
Fee Player % Correct
£22mAnderson
10.9%
£15mSergio Aguero
10.7%
£15mRomelu Lukaku
9.8%
£19mSergio Ramos
9.5%
£15mAlexandre Pato
7.5%
£20mAntonio Cassano
3.8%
£25mJavier Saviola
2.6%

You're not logged in!

Compare scores with friends on all Sporcle quizzes.
Join for Free
OR
Log In

You Might Also Like...

Show Comments

Extras

Created Jul 26, 2017ReportNominate
Tags:expensive, fee, footballer, player, signed

Top Quizzes Today


Score Distribution

Your Account Isn't Verified!

In order to create a playlist on Sporcle, you need to verify the email address you used during registration. Go to your Sporcle Settings to finish the process.

Report this User

Report this user for behavior that violates our Community Guidelines.

Details: